| 000 | 00705nam a2200241 i 4500 | ||
|---|---|---|---|
| 001 | C2-0250625 | ||
| 003 | PPAK | ||
| 005 | 20180727214300.0 | ||
| 008 | 030713s2001 my |||| ||||| | may d | ||
| 020 | _a983720446X | ||
| 040 |
_aPPAK _beng _cPPAK _erda |
||
| 082 | 0 | 4 |
_a658.456 _223 |
| 090 | 0 | 0 |
_a658.456 _bJAM _dG |
| 100 | 0 |
_aJamil Hashim, _eauthor |
|
| 245 | 1 | 0 |
_aTatacara mengendalikan majlis: _bmesyuarat, perjumpaan, persidangan dan perbincangan |
| 264 | 1 |
_aKuala Lumpur : _bGolden Books Centre , _c2001 |
|
| 300 |
_av, 165 pages ; _c22 cm |
||
| 336 |
_2rdacontent _atext |
||
| 337 |
_2rdamedia _aunmediated |
||
| 338 |
_2rdacarrier _avolume |
||
| 650 | 1 | 0 | _aMeetings ; Seminars |
| 942 |
_ddc _cB |
||
| 999 |
_c63963 _d63963 |
||